000 01116njm a22002657a 4500
005 20100901115333.0
006 a|||||r|||||00| 0
007 sd ammalaaahaa
008 100901t xxu||||| |||| 00| 0 eng d
028 _aN 54350
_bHis Master Voice
035 _aGR-01209
040 _aSED
_cSED
100 _aMangeskar, Lata
_917891
245 _aWoh Kaun Thi /
_cby Lata Mangeskar ; Music by Madan Mohan ; lyrices by Raja Mendhi Ali Khan
_h[Sound recording]
246 _aवोह कौन थी / लता मंगेशकर
260 _aDUM DUM, India
_bHis Master Voice
300 _a1 Sound disc [Gramophone Recording] :
_banalog, 33 1/3 rpm
_c9.5 in. (MP)
_fGramophone Record
500 _aBrief record
505 _aSide-1 आप क्यूँ रोये (Aap kyun roye) --Side-2 लगजा गले से (lagja gle se) (Lata Mangesker)
650 _aClassical music
_xExcerpts
_zIndia
_917892
700 _aMadan Mohan
_918869
700 _aRaja Mendhi Ali Khan
_918859
942 _2ddc
_cGR
999 _c44443
_d44443